The Concise Oxford history of Indian Business / (Record no. 18002)
[ view plain ]
| 000 -LEADER | |
|---|---|
| fixed length control field | 008270000a22002170004500 |
| 003 - CONTROL NUMBER IDENTIFIER | |
| control field | dpl |
| 005 - DATE AND TIME OF LATEST TRANSACTION | |
| control field | 20081031125419.0 |
| 008 - FIXED-LENGTH DATA ELEMENTS--GENERAL INFORMATION | |
| fixed length control field | 081031t xxu||||| |||| 00| 0 eng d |
| 010 ## - LIBRARY OF CONGRESS CONTROL NUMBER | |
| LC control number | ENG-84699 |
| 020 ## - INTERNATIONAL STANDARD BOOK NUMBER | |
| International Standard Book Number | 019568429X |
| Terms of availability | 275.00 (pbk) |
| 035 ## - SYSTEM CONTROL NUMBER | |
| System control number | EN-68232 |
| 082 ## - DEWEY DECIMAL CLASSIFICATION NUMBER | |
| Classification number | 338.70954 |
| 100 ## - MAIN ENTRY--PERSONAL NAME | |
| Personal name | Tripathi, Dwijendra |
| 245 ## - TITLE STATEMENT | |
| Title | The Concise Oxford history of Indian Business / |
| Statement of responsibility, etc | by Dwijendra Tripathi and Jyoti Jumani |
| 260 ## - PUBLICATION, DISTRIBUTION, ETC. (IMPRINT) | |
| Place of publication, distribution, etc | New Delhi |
| Name of publisher, distributor, etc | Oxford University Press |
| Date of publication, distribution, etc | 2007 |
| 300 ## - PHYSICAL DESCRIPTION | |
| Extent | xiii,265p |
| Dimensions | 23.5cm |
| 500 ## - GENERAL NOTE | |
| General note | Includes bibliographical references and index |
| 700 ## - ADDED ENTRY--PERSONAL NAME | |
| Personal name | Jumani, Jyoti |
| Titles and other words associated with a name | jt auth |
| 942 ## - ADDED ENTRY ELEMENTS (KOHA) | |
| Source of classification or shelving scheme | Dewey Decimal Classification |
| Koha item type | English Books |
| Classification part | 338.70954 |
| Call number suffix | TRI |
| Withdrawn status | Lost status | Source of classification or shelving scheme | Damaged status | Not for loan | Home library | Current library | Date acquired | Cost, normal purchase price | Total Checkouts | Full call number | Barcode | Date last seen | Copy number | Cost, replacement price | Price effective from | Koha item type |
|---|---|---|---|---|---|---|---|---|---|---|---|---|---|---|---|---|
| Dewey Decimal Classification | Not For Loan | D.B.Act.Division | D.B.Act.Division | 26/03/2007 | 275.00 | 338.70954 TRI | EN-68232 | 04/11/2008 | 1 | 275.00 | 04/11/2008 | English Books |
